000 00532nam a2200169 i 4500
001 101836
003 ES-MaACL
005 20230906183006.0
007 t|
008 051026s1962 xxu ||||1| eng d
100 1 _aMelville, Herman.
_980033
245 1 0 _aA collection of critical essays /
_cHermann Melville; edited by Richard Chase.
260 _aEngrewood Cliffs, New Jersey :
_bPrentice-Hall,
_c1962.
300 _a5 h., 168 p., 3 h. ;
_c21 cm.
700 1 _aChase, Richard B.
_938152
852 _aES-MaACL
_jG-8411
_bR.66101
999 _c101836
_d101836